000 00465nam a22001817a 4500
005 20260515114944.0
008 230613b ||||| |||| 00| 0 eng d
040 _aIN-DiNC
_cIN-DiNC
041 _dasm
082 _a294.592
_bGIT
245 _aGita/
_cTranslated by Mahendra Bora
250 _a1st ed.
260 _aGuwahati:
_bStudents stores,
_c1986.
300 _a369p.
650 _aBhagavad gita
700 _aBorah, Mahendra
_eTranslator
942 _2ddc
_cBK
999 _c11539
_d11539